Techniques of Teaching Science (Record no. 4116)

MARC details
000 -LEADER
fixed length control field 00386nam a22001457a 4500
008 - FIXED-LENGTH DATA ELEMENTS--GENERAL INFORMATION
fixed length control field 250703b |||||||| |||| 00| 0 eng d
020 ## - INTERNATIONAL STANDARD BOOK NUMBER
ISBN 8184110413
100 ## - MAIN ENTRY--AUTHOR
Author Singh Chakradharay
245 ## - TITLE STATEMENT
Title Techniques of Teaching Science
260 ## - PUBLICATION, DISTRIBUTION, ETC. (IMPRINT)
Place of publication New Delhi
Name of publisher Sonali Publications
Date of publication 2019
300 ## - COLLATION
Pagination 200p.
650 ## - TRACINGS
Main Subject Science- study and teaching
942 ## - ADDED ENTRY ELEMENTS (KOHA)
Item type Books
050 ## - LIBRARY OF CONGRESS CALL NUMBER
Classification number Q 181
Item number .S 46
Holdings
Source of classification or shelving scheme Not for loan Permanent location Current location Date acquired Accession No. Full call number Barcode. Koha item type
Library of Congress Classification   Samuel Ogbemudia Main Library, University of Abuja Samuel Ogbemudia Main Library, University of Abuja 07/03/2025 2023/61843 Q 181.S 46 2025-2849 Books